Οι πρωτοπορίες της τέχνης του εικοστού αιώνα
Αποθηκεύτηκε σε:
| Κύριος συγγραφέας: | |
|---|---|
| Άλλοι συγγραφείς: | |
| Μορφή: | Βιβλίο |
| Γλώσσα: | Greek Italian |
| Δημοσίευση: |
Αθήνα :
Οδυσσέας,
[1992]
|
| Θέματα: | |
| Ετικέτες: |
Προσθήκη ετικέτας
Δεν υπάρχουν, Καταχωρήστε ετικέτα πρώτοι!
|
MARC
| LEADER | 00000cam a2200000 i 4500 | ||
|---|---|---|---|
| 001 | 1/80460 | ||
| 008 | 960827s1992 gr | ||| |||| ||gre|| | ||
| 020 | |a 9602101504 | ||
| 035 | |a 1995 |b 1 |c Καμπουροπούλου |l 10033450 | ||
| 040 | |a GR-MyUa |b gre |e AACR2 | ||
| 041 | 1 | |a gre |h ita | |
| 082 | 7 | |a 709.04 |2 (22) | |
| 100 | 1 | |a De Micheli, Mario. | |
| 245 | 1 | 3 | |a Οι πρωτοπορίες της τέχνης του εικοστού αιώνα / |c Μάριο Ντε Μικέλι ; μετάφραση Λένα Παπαματθεάκη ; επιμέλεια Τέτη Χατζηνικολάου. |
| 260 | |a Αθήνα : |b Οδυσσέας, |c [1992] | ||
| 300 | |a 460 σ. ; |c 21 εκ. | ||
| 650 | 0 | |a Art, Modern |y 20th century |x History. | |
| 700 | 1 | |a Χατζηνικολάου, Τέτη, |e edtf | |
| 852 | |a INST |b LESVOS |e 20070222 |h 709.04 DEM |p 005100037416 |q 005100037416 |t BK |y 0 | ||
| 852 | |a INST |b LESVOS |e 20110616 |h 709.04 DEM |p 005100048890 |q 005100048890 |t BK |y 0 | ||
| 852 | |a INST |b LESVOS |e 20110616 |h 709.04 DEM |p 005100048891 |q 005100048891 |t BK |y 0 | ||
| 852 | |a INST |b RHODES |e 19960827 |h 709.04 DEM |p 005400007147 |q 005400007147 |t BK |y 0 | ||
| 852 | |a INST |b SAMOS |e 20150709 |h 709.04 DEM |p 005300042398 |q 005300042398 |t BK |y 0 | ||
| 852 | |a INST |b SYROS |e 20060809 |h 709.04 DEM |p 005500004679 |q 005500004679 |t BK |y 12 | ||
| 852 | |a INST |b SYROS |e 20130730 |h 709.04 DEM |p 005500010923 |q 005500010923 |t BK |y 0 | ||
| 901 | |a BIBL5-2013-1 | ||
| 901 | |a BIBL5-2006-2 | ||
| 901 | |a BIBL1-2007-1 | ||
| 901 | |a BIBL1-2011-2 | ||
| 920 | |a Αναμόρφωση |b ΕΠΕΑΕΚ ΙΙ-ΤΜΣΠΣ |y Σύρος |z 2006-06 | ||
| 970 | |a Κοντού |b Παρασκευή |z 30/07/2013 | ||